| 000 | 00524nam a2200145Ia 4500 | ||
|---|---|---|---|
| 999 |
_c11365 _d11365 |
||
| 082 | _aTD.0136 | ||
| 100 | _aDeole, D.R. | ||
| 245 | 0 | _aCentral assistance for planned economic development of the states with special reference to Madhya Pradesh | |
| 260 |
_c1977 _bVikram University |
||
| 300 | _a525p. + C D -17 | ||
| 650 | _aCENTRE STATE FISCAL RELATIONS - MADHYA PRADESH | ||
| 650 | _aINTERGOVERNMENTAL FISCAL RELATIONS//CENTRE STATE FISCAL RELATIONS | ||
| 650 | _aMADHYA PRADESH - ECONOMIC CONDITIONS | ||
| 942 |
_cTH _2ddc |
||